Mindful communication for sustainable development: (Record no. 155907)

MARC details
000 -LEADER
fixed length control field 00653nam a22001937a 4500
005 - DATE AND TIME OF LATEST TRANSACTION
control field 20180814151545.0
010 ## - LCCN (DPL NO)
LC control number ENG-123729
020 ## - INTERNATIONAL STANDARD BOOK NUMBER
International Standard Book Number 9789352805518
Terms of availability 995.00
035 ## - SYSTEM CONTROL NUMBER
System control number EN-107261
037 ## - SOURCE OF ACQUISITION
Source of stock number/acquisition DBAD/PUB
082 00 - DEWEY DECIMAL CLASSIFICATION NUMBER
Classification number 174.4
245 10 - TITLE STATEMENT
Title Mindful communication for sustainable development:
Statement of responsibility, etc ed.by Kalinga Seneviratne
Remainder of title perspectives from asia /
260 ## - PUBLICATION, DISTRIBUTION, ETC. (IMPRINT)
Place of publication, distribution, etc New Delhi
Name of publisher, distributor, etc SAGE Publications,
Date of publication, distribution, etc 2018
270 ## - ADDRESS
Address B1/I-1 Mohan Cooperative Industrial Area, Mathura Road
City New Delhi
Postal code 110044
300 ## - PHYSICAL DESCRIPTION
Extent xiv,353p.
Dimensions 22 cm.(Hb)
500 ## - GENERAL NOTE
General note It include index
700 ## - ADDED ENTRY--PERSONAL NAME
Personal name Kalinga Seneviratne
942 ## - ADDED ENTRY ELEMENTS (KOHA)
Source of classification or shelving scheme Dewey Decimal Classification
Item type English Books
Classification part 174.4
Call number suffix MIN
Holdings
Withdrawn status Lost status Not for loan Collection code Home library Current library Date acquired Source of acquisition Cost, normal purchase price Full call number Barcode Copy number Cost, replacement price Koha item type
    Not For Loan Non-fiction D.B.Act.Division Bawana 14/08/2018 DBAD/PUB 995.00 174.4 MIN EN-107261 1 995.00 English Books

© Delhi Public Library
Hit Counter
free hit counter